[Event "DEM U14w 2021"]
[Site "Willingen GER"]
[Date "2021.08.23"]
[Round "2"]
[White "Keymer, Cecilia"]
[Black "Ulrich, Helena Irene"]
[Result "1/2-1/2"]
[Termination "normal"]
[Board "6"]
[WhiteElo "1612"]
[BlackElo "1540"]
[WhiteClock "00:25:52"]
[BlackClock "00:28:34"]
[PlyCount "82"]
[WhiteFideId "16233468"]
[BlackFideId "16256000"]
[EventCountry "GER"]
[EventRounds "9"]
[EventType "swiss"]
[EventDate "2021.08.22"]

1. d4 {[%clk 01:30:56]} {[%emt 00:00:04]} Nf6 {[%clk 01:30:53]} {[%emt
00:00:07]} 2. c4 {[%clk 01:31:20]} {[%emt 00:00:07]} g6 {[%clk 01:31:16]}
{[%emt 00:00:06]} 3. g3 {[%clk 01:31:33]} {[%emt 00:00:17]} Bg7 {[%clk
01:31:37]} {[%emt 00:00:10]} 4. Bg2 {[%clk 01:31:47]} {[%emt 00:00:16]} O-O
{[%clk 01:31:31]} {[%emt 00:00:35]} 5. Nc3 {[%clk 01:31:48]} {[%emt 00:00:30]}
d6 {[%clk 01:31:44]} {[%emt 00:00:17]} 6. Nf3 {[%clk 01:31:51]} {[%emt
00:00:28]} c6 {[%clk 01:31:44]} {[%emt 00:00:30]} 7. O-O {[%clk 01:29:38]}
{[%emt 00:02:44]} Bf5 {[%clk 01:31:38]} {[%emt 00:00:34]} 8. Re1 {[%clk
01:22:26]} {[%emt 00:07:42]} Ne4 {[%clk 01:31:37]} {[%emt 00:00:32]} 9. Qb3
{[%clk 01:18:08]} {[%emt 00:04:47]} Qc8 {[%clk 01:20:52]} {[%emt 00:11:14]} 10.
Be3 {[%clk 01:13:59]} {[%emt 00:04:40]} Na6 {[%clk 01:06:10]} {[%emt 00:15:10]}
11. Nh4 {[%clk 01:08:29]} {[%emt 00:06:01]} Nxc3 {[%clk 01:00:10]} {[%emt
00:06:31]} 12. bxc3 {[%clk 01:03:49]} {[%emt 00:05:09]} Be6 {[%clk 00:48:34]}
{[%emt 00:12:06]} 13. d5 {[%clk 00:53:38]} {[%emt 00:10:42]} Bd7 {[%clk
00:35:50]} {[%emt 00:13:13]} 14. Rec1 {[%clk 00:41:53]} {[%emt 00:12:16]} b6
{[%clk 00:21:29]} {[%emt 00:14:51]} 15. Rab1 {[%clk 00:36:55]} {[%emt
00:05:28]} Rb8 {[%clk 00:15:01]} {[%emt 00:06:57]} 16. Qd1 {[%clk 00:32:12]}
{[%emt 00:05:12]} cxd5 {[%clk 00:13:58]} {[%emt 00:01:34]} 17. cxd5 {[%clk
00:31:23]} {[%emt 00:01:19]} Nc5 {[%clk 00:12:30]} {[%emt 00:01:58]} 18. Bd4
{[%clk 00:28:02]} {[%emt 00:03:52]} Bh6 {[%clk 00:05:08]} {[%emt 00:07:50]} 19.
e3 {[%clk 00:25:50]} {[%emt 00:02:43]} Bg4 {[%clk 00:04:46]} {[%emt 00:00:52]}
20. Qd2 {[%clk 00:23:12]} {[%emt 00:03:08]} Bh3 {[%clk 00:04:16]} {[%emt
00:01:00]} 21. c4 {[%clk 00:20:20]} {[%emt 00:03:22]} Qd7 {[%clk 00:02:58]}
{[%emt 00:01:49]} 22. Bxh3 {[%clk 00:15:54]} {[%emt 00:04:56]} Qxh3 {[%clk
00:03:21]} {[%emt 00:00:06]} 23. Ba1 {[%clk 00:13:37]} {[%emt 00:02:48]} Bg7
{[%clk 00:03:12]} {[%emt 00:00:38]} 24. Bxg7 {[%clk 00:13:25]} {[%emt
00:00:42]} Kxg7 {[%clk 00:03:39]} {[%emt 00:00:04]} 25. Qd4+ {[%clk 00:13:03]}
{[%emt 00:00:51]} Kg8 {[%clk 00:03:43]} {[%emt 00:00:26]} 26. Nf3 {[%clk
00:12:35]} {[%emt 00:00:58]} Qf5 {[%clk 00:03:27]} {[%emt 00:00:46]} 27. Kg2
{[%clk 00:11:31]} {[%emt 00:01:33]} Rfc8 {[%clk 00:03:07]} {[%emt 00:00:51]}
28. Qh4 {[%clk 00:09:11]} {[%emt 00:02:48]} Qe4 {[%clk 00:02:06]} {[%emt
00:01:32]} 29. Qxe4 {[%clk 00:06:41]} {[%emt 00:03:01]} Nxe4 {[%clk 00:02:30]}
{[%emt 00:00:05]} 30. Nd4 {[%clk 00:03:34]} {[%emt 00:03:37]} Rc5 {[%clk
00:01:25]} {[%emt 00:01:36]} 31. Nc6 {[%clk 00:02:51]} {[%emt 00:01:12]} Rb7
{[%clk 00:01:06]} {[%emt 00:00:50]} 32. Rc2 {[%clk 00:01:04]} {[%emt 00:02:16]}
Rc7 {[%clk 00:00:52]} {[%emt 00:00:45]} 33. f3 {[%clk 00:01:14]} {[%emt
00:00:20]} Nf6 {[%clk 00:01:13]} {[%emt 00:00:09]} 34. e4 {[%clk 00:01:15]}
{[%emt 00:00:28]} e5 {[%clk 00:00:58]} {[%emt 00:00:46]} 35. Rb3 {[%clk
00:01:04]} {[%emt 00:00:40]} Nd7 {[%clk 00:00:44]} {[%emt 00:00:44]} 36. Ra3
{[%clk 00:01:10]} {[%emt 00:00:23]} a5 {[%clk 00:00:43]} {[%emt 00:00:32]} 37.
Rb3 {[%clk 00:01:12]} {[%emt 00:00:27]} Rb7 {[%clk 00:00:54]} {[%emt 00:00:19]}
38. Kf2 {[%clk 00:00:45]} {[%emt 00:00:56]} Nb8 {[%clk 00:01:01]} {[%emt
00:00:25]} 39. Nxb8 {[%clk 00:00:53]} {[%emt 00:00:21]} Rxb8 {[%clk 00:01:27]}
{[%emt 00:00:04]} 40. Ke3 {[%clk 00:00:44]} {[%emt 00:00:40]} b5 {[%clk
00:01:28]} {[%emt 00:00:29]} 41. Kd3 {[%clk 00:25:52]} {[%emt 00:05:21]} b4
{[%clk 00:28:34]} {[%emt 00:03:24]} 1/2-1/2

[Event "DEM U14w 2021"]
[Site "Willingen GER"]
[Date "2021.08.23"]
[Round "2"]
[White "Reich, Elisabeth"]
[Black "Prinzen, Siri Marleen"]
[Result "1/2-1/2"]
[Termination "normal"]
[Board "7"]
[WhiteElo "1368"]
[BlackElo "1626"]
[WhiteClock "00:27:59"]
[BlackClock "00:23:56"]
[PlyCount "61"]
[WhiteFideId "16239776"]
[BlackFideId "16265912"]
[EventCountry "GER"]
[EventRounds "9"]
[EventType "swiss"]
[EventDate "2021.08.22"]

1. e4 {[%clk 01:30:57]} {[%emt 00:00:03]} c6 {[%clk 01:30:52]} {[%emt
00:00:09]} 2. d3 {[%clk 01:31:21]} {[%emt 00:00:05]} d5 {[%clk 01:31:15]}
{[%emt 00:00:07]} 3. Nd2 {[%clk 01:31:46]} {[%emt 00:00:04]} g6 {[%clk
01:31:27]} {[%emt 00:00:18]} 4. Ngf3 {[%clk 01:32:07]} {[%emt 00:00:10]} Bg7
{[%clk 01:31:50]} {[%emt 00:00:06]} 5. g3 {[%clk 01:32:23]} {[%emt 00:00:15]}
e5 {[%clk 01:32:10]} {[%emt 00:00:10]} 6. Bg2 {[%clk 01:32:39]} {[%emt
00:00:14]} Ne7 {[%clk 01:32:28]} {[%emt 00:00:14]} 7. O-O {[%clk 01:32:38]}
{[%emt 00:00:30]} O-O {[%clk 01:32:44]} {[%emt 00:00:14]} 8. Re1 {[%clk
01:32:18]} {[%emt 00:00:49]} Nd7 {[%clk 01:32:32]} {[%emt 00:00:44]} 9. c3
{[%clk 01:30:28]} {[%emt 00:02:20]} Qc7 {[%clk 01:26:26]} {[%emt 00:06:35]} 10.
a4 {[%clk 01:26:41]} {[%emt 00:04:17]} a5 {[%clk 01:23:50]} {[%emt 00:03:06]}
11. Qe2 {[%clk 01:18:35]} {[%emt 00:08:33]} dxe4 {[%clk 01:17:22]} {[%emt
00:07:01]} 12. dxe4 {[%clk 01:18:28]} {[%emt 00:00:36]} b6 {[%clk 01:16:41]}
{[%emt 00:01:12]} 13. Qd1 {[%clk 01:15:05]} {[%emt 00:03:51]} Nc5 {[%clk
01:13:35]} {[%emt 00:03:37]} 14. Bf1 {[%clk 01:12:21]} {[%emt 00:03:14]} Kh8
{[%clk 01:11:14]} {[%emt 00:02:51]} 15. Nb3 {[%clk 01:10:34]} {[%emt 00:02:17]}
Nxb3 {[%clk 01:07:48]} {[%emt 00:03:57]} 16. Qxb3 {[%clk 01:11:00]} {[%emt
00:00:02]} Be6 {[%clk 01:03:56]} {[%emt 00:04:22]} 17. Bc4 {[%clk 01:08:03]}
{[%emt 00:03:27]} Bxc4 {[%clk 01:00:43]} {[%emt 00:03:44]} 18. Qxc4 {[%clk
01:05:48]} {[%emt 00:02:45]} h6 {[%clk 00:56:36]} {[%emt 00:04:37]} 19. Be3
{[%clk 00:59:36]} {[%emt 00:06:41]} f5 {[%clk 00:52:05]} {[%emt 00:05:01]} 20.
exf5 {[%clk 00:54:43]} {[%emt 00:05:24]} Nxf5 {[%clk 00:51:17]} {[%emt
00:01:18]} 21. Qe6 {[%clk 00:52:49]} {[%emt 00:02:20]} g5 {[%clk 00:39:03]}
{[%emt 00:12:47]} 22. Rad1 {[%clk 00:47:50]} {[%emt 00:05:27]} Rae8 {[%clk
00:35:47]} {[%emt 00:03:49]} 23. Qd7 {[%clk 00:33:43]} {[%emt 00:14:37]} Qxd7
{[%clk 00:31:46]} {[%emt 00:04:32]} 24. Rxd7 {[%clk 00:34:06]} {[%emt
00:00:07]} Re7 {[%clk 00:31:51]} {[%emt 00:00:24]} 25. Rxe7 {[%clk 00:31:47]}
{[%emt 00:02:49]} Nxe7 {[%clk 00:32:14]} {[%emt 00:00:09]} 26. Nd2 {[%clk
00:31:51]} {[%emt 00:00:25]} Nd5 {[%clk 00:31:54]} {[%emt 00:00:50]} 27. Nc4
{[%clk 00:32:07]} {[%emt 00:00:13]} Rb8 {[%clk 00:26:00]} {[%emt 00:06:26]} 28.
Bc1 {[%clk 00:30:02]} {[%emt 00:02:29]} Re8 {[%clk 00:23:22]} {[%emt 00:03:13]}
29. Be3 {[%clk 00:28:57]} {[%emt 00:01:35]} Rb8 {[%clk 00:23:36]} {[%emt
00:00:17]} 30. Bc1 {[%clk 00:28:17]} {[%emt 00:01:08]} Re8 {[%clk 00:23:56]}
{[%emt 00:00:11]} 31. Be3 {[%clk 00:27:59]} {[%emt 00:00:47]} 1/2-1/2

[Event "DEM U14w 2021"]
[Site "Willingen GER"]
[Date "2021.08.23"]
[Round "2"]
[White "Peglau, Charis"]
[Black "Hellenbroich, Helene"]
[Result "1-0"]
[Termination "normal"]
[Board "8"]
[WhiteElo "1827"]
[BlackElo "1378"]
[WhiteClock "00:11:38"]
[BlackClock "00:42:34"]
[PlyCount "51"]
[WhiteFideId "16219996"]
[BlackFideId "16270754"]
[EventCountry "GER"]
[EventRounds "9"]
[EventType "swiss"]
[EventDate "2021.08.22"]

1. d4 {[%clk 01:30:57]} {[%emt 00:00:02]} e6 {[%clk 01:30:48]} {[%emt
00:00:13]} 2. c4 {[%clk 01:30:38]} {[%emt 00:00:49]} d5 {[%clk 01:30:54]}
{[%emt 00:00:24]} 3. Nc3 {[%clk 01:29:06]} {[%emt 00:02:02]} Nf6 {[%clk
01:30:35]} {[%emt 00:00:49]} 4. Nf3 {[%clk 01:28:39]} {[%emt 00:00:57]} Be7
{[%clk 01:29:43]} {[%emt 00:01:22]} 5. Bf4 {[%clk 01:22:07]} {[%emt 00:07:02]}
c6 {[%clk 01:29:25]} {[%emt 00:00:47]} 6. e3 {[%clk 01:22:04]} {[%emt
00:00:34]} O-O {[%clk 01:29:09]} {[%emt 00:00:45]} 7. Bd3 {[%clk 01:19:31]}
{[%emt 00:03:04]} Nbd7 {[%clk 01:28:56]} {[%emt 00:00:42]} 8. O-O {[%clk
01:18:51]} {[%emt 00:01:11]} Re8 {[%clk 01:27:49]} {[%emt 00:01:37]} 9. Qc2
{[%clk 01:15:24]} {[%emt 00:03:57]} Nf8 {[%clk 01:25:31]} {[%emt 00:02:47]} 10.
h3 {[%clk 01:01:13]} {[%emt 00:14:41]} b6 {[%clk 01:21:58]} {[%emt 00:04:04]}
11. cxd5 {[%clk 00:56:17]} {[%emt 00:05:27]} exd5 {[%clk 01:21:53]} {[%emt
00:00:34]} 12. Ne5 {[%clk 00:53:27]} {[%emt 00:03:20]} Bb7 {[%clk 01:20:17]}
{[%emt 00:02:05]} 13. Na4 {[%clk 00:48:48]} {[%emt 00:05:09]} Rc8 {[%clk
01:15:55]} {[%emt 00:04:52]} 14. Bf5 {[%clk 00:46:56]} {[%emt 00:02:21]} Rc7
{[%clk 01:09:47]} {[%emt 00:06:38]} 15. a3 {[%clk 00:20:01]} {[%emt 00:27:25]}
Bd6 {[%clk 01:05:29]} {[%emt 00:04:48]} 16. b4 {[%clk 00:20:01]} {[%emt
00:00:30]} Ng6 {[%clk 00:54:28]} {[%emt 00:11:31]} 17. Bxg6 {[%clk 00:17:02]}
{[%emt 00:03:29]} hxg6 {[%clk 00:53:12]} {[%emt 00:01:46]} 18. Rac1 {[%clk
00:16:55]} {[%emt 00:00:38]} Nd7 {[%clk 00:48:06]} {[%emt 00:05:35]} 19. Nxf7
{[%clk 00:16:14]} {[%emt 00:01:12]} Kxf7 {[%clk 00:47:38]} {[%emt 00:00:57]}
20. Bxd6 {[%clk 00:16:39]} {[%emt 00:00:05]} Rc8 {[%clk 00:47:35]} {[%emt
00:00:33]} 21. Nb2 {[%clk 00:13:37]} {[%emt 00:03:32]} Nf6 {[%clk 00:47:01]}
{[%emt 00:01:04]} 22. Bh2 {[%clk 00:13:52]} {[%emt 00:00:14]} Rh8 {[%clk
00:47:02]} {[%emt 00:00:29]} 23. Nd3 {[%clk 00:13:59]} {[%emt 00:00:24]} Nd7
{[%clk 00:44:39]} {[%emt 00:02:52]} 24. f4 {[%clk 00:12:09]} {[%emt 00:02:21]}
Ba6 {[%clk 00:43:19]} {[%emt 00:01:50]} 25. f5 {[%clk 00:11:25]} {[%emt
00:01:13]} Bxd3 {[%clk 00:42:34]} {[%emt 00:01:14]} 26. fxg6+ {[%clk 00:11:38]}
{[%emt 00:00:18]} 1-0

[Event "DEM U14w 2021"]
[Site "Willingen GER"]
[Date "2021.08.23"]
[Round "2"]
[White "Alhassan, Jodi"]
[Black "Arnold, Rubina"]
[Result "1/2-1/2"]
[Termination "normal"]
[Board "9"]
[WhiteElo "1243"]
[BlackElo "1498"]
[WhiteClock "00:00:55"]
[BlackClock "00:35:00"]
[PlyCount "56"]
[WhiteFideId "16250460"]
[BlackFideId "16276272"]
[EventCountry "GER"]
[EventRounds "9"]
[EventType "swiss"]
[EventDate "2021.08.22"]

1. e4 {[%clk 01:30:49]} {[%emt 00:00:10]} d5 {[%clk 01:30:54]} {[%emt
00:00:06]} 2. exd5 {[%clk 01:31:13]} {[%emt 00:00:06]} Qxd5 {[%clk 01:31:18]}
{[%emt 00:00:06]} 3. Nc3 {[%clk 01:31:31]} {[%emt 00:00:12]} Qa5 {[%clk
01:31:38]} {[%emt 00:00:10]} 4. d4 {[%clk 01:31:38]} {[%emt 00:00:23]} Nf6
{[%clk 01:31:59]} {[%emt 00:00:10]} 5. Bc4 {[%clk 01:28:26]} {[%emt 00:03:41]}
Nc6 {[%clk 01:27:25]} {[%emt 00:05:04]} 6. Nge2 {[%clk 01:16:26]} {[%emt
00:12:29]} Bf5 {[%clk 01:21:09]} {[%emt 00:06:46]} 7. Bd2 {[%clk 01:01:19]}
{[%emt 00:15:38]} Qb6 {[%clk 01:04:28]} {[%emt 00:17:10]} 8. Na4 {[%clk
00:56:07]} {[%emt 00:05:43]} Bxc2 {[%clk 01:01:46]} {[%emt 00:03:11]} 9. Nxb6
{[%clk 00:34:42]} {[%emt 00:21:55]} Bxd1 {[%clk 01:01:47]} {[%emt 00:00:28]}
10. Nxa8 {[%clk 00:34:53]} {[%emt 00:00:20]} Bxe2 {[%clk 01:01:18]} {[%emt
00:00:58]} 11. Bxe2 {[%clk 00:32:15]} {[%emt 00:03:07]} Kd7 {[%clk 01:01:22]}
{[%emt 00:00:28]} 12. a3 {[%clk 00:16:32]} {[%emt 00:16:13]} e6 {[%clk
00:57:01]} {[%emt 00:04:50]} 13. Nxc7 {[%clk 00:15:41]} {[%emt 00:01:22]} Kxc7
{[%clk 00:57:08]} {[%emt 00:00:23]} 14. Bf4+ {[%clk 00:15:14]} {[%emt
00:00:55]} Bd6 {[%clk 00:56:47]} {[%emt 00:00:51]} 15. Bxd6+ {[%clk 00:15:31]}
{[%emt 00:00:14]} Kxd6 {[%clk 00:57:10]} {[%emt 00:00:07]} 16. Rd1 {[%clk
00:14:32]} {[%emt 00:01:30]} Rd8 {[%clk 00:54:13]} {[%emt 00:03:26]} 17. O-O
{[%clk 00:13:02]} {[%emt 00:02:00]} Kc7 {[%clk 00:51:21]} {[%emt 00:03:23]} 18.
Rc1 {[%clk 00:11:28]} {[%emt 00:02:05]} Rxd4 {[%clk 00:50:38]} {[%emt
00:01:13]} 19. Rfd1 {[%clk 00:11:30]} {[%emt 00:00:28]} Rxd1+ {[%clk 00:49:08]}
{[%emt 00:02:01]} 20. Rxd1 {[%clk 00:11:42]} {[%emt 00:00:18]} Ne8 {[%clk
00:46:25]} {[%emt 00:03:13]} 21. f3 {[%clk 00:11:27]} {[%emt 00:00:44]} Nd6
{[%clk 00:46:33]} {[%emt 00:00:22]} 22. g4 {[%clk 00:10:59]} {[%emt 00:00:58]}
g6 {[%clk 00:46:12]} {[%emt 00:00:52]} 23. Kf2 {[%clk 00:11:08]} {[%emt
00:00:20]} f5 {[%clk 00:44:51]} {[%emt 00:01:51]} 24. gxf5 {[%clk 00:10:51]}
{[%emt 00:00:47]} exf5 {[%clk 00:45:05]} {[%emt 00:00:16]} 25. h4 {[%clk
00:10:04]} {[%emt 00:01:15]} f4 {[%clk 00:43:09]} {[%emt 00:02:26]} 26. Kg2
{[%clk 00:08:36]} {[%emt 00:01:59]} Nf5 {[%clk 00:39:26]} {[%emt 00:04:14]} 27.
Kh3 {[%clk 00:07:08]} {[%emt 00:01:57]} h5 {[%clk 00:38:39]} {[%emt 00:01:17]}
28. Rd2 {[%clk 00:00:55]} {[%emt 00:06:45]} Ncd4 {[%clk 00:35:00]} {[%emt
00:04:07]} 1/2-1/2

[Event "DEM U14w 2021"]
[Site "Willingen GER"]
[Date "2021.08.23"]
[Round "2"]
[White "Luzgina, Anastasija"]
[Black "Heuberger, Sandra"]
[Result "1-0"]
[Termination "normal"]
[Board "10"]
[WhiteElo "1548"]
[BlackElo "1110"]
[WhiteClock "01:28:06"]
[BlackClock "01:15:00"]
[PlyCount "71"]
[WhiteFideId "24280860"]
[BlackFideId "16232151"]
[EventCountry "GER"]
[EventRounds "9"]
[EventType "swiss"]
[EventDate "2021.08.22"]

1. d4 {[%clk 01:30:57]} {[%emt 00:00:02]} d5 {[%clk 01:30:54]} {[%emt
00:00:07]} 2. c4 {[%clk 01:31:20]} {[%emt 00:00:06]} e6 {[%clk 01:31:19]}
{[%emt 00:00:05]} 3. Nc3 {[%clk 01:31:45]} {[%emt 00:00:05]} Nf6 {[%clk
01:31:43]} {[%emt 00:00:06]} 4. Bg5 {[%clk 01:32:07]} {[%emt 00:00:07]} Be7
{[%clk 01:32:01]} {[%emt 00:00:14]} 5. Nf3 {[%clk 01:32:25]} {[%emt 00:00:10]}
O-O {[%clk 01:32:17]} {[%emt 00:00:14]} 6. e3 {[%clk 01:32:42]} {[%emt
00:00:13]} c5 {[%clk 01:32:39]} {[%emt 00:00:08]} 7. cxd5 {[%clk 01:32:46]}
{[%emt 00:00:26]} exd5 {[%clk 01:32:39]} {[%emt 00:00:31]} 8. Bd3 {[%clk
01:31:28]} {[%emt 00:01:47]} Nc6 {[%clk 01:32:15]} {[%emt 00:00:56]} 9. O-O
{[%clk 01:31:25]} {[%emt 00:00:31]} Bg4 {[%clk 01:30:48]} {[%emt 00:01:57]} 10.
Rc1 {[%clk 01:23:43]} {[%emt 00:08:11]} cxd4 {[%clk 01:28:35]} {[%emt
00:02:45]} 11. exd4 {[%clk 01:23:43]} {[%emt 00:00:30]} Nxd4 {[%clk 01:28:03]}
{[%emt 00:01:01]} 12. Be2 {[%clk 01:23:49]} {[%emt 00:00:22]} Nxf3+ {[%clk
01:26:55]} {[%emt 00:01:40]} 13. Bxf3 {[%clk 01:24:06]} {[%emt 00:00:13]} Bxf3
{[%clk 01:26:19]} {[%emt 00:01:06]} 14. Qxf3 {[%clk 01:24:21]} {[%emt
00:00:15]} Ne4 {[%clk 01:19:49]} {[%emt 00:06:59]} 15. Bxe7 {[%clk 01:22:59]}
{[%emt 00:01:54]} Qxe7 {[%clk 01:19:56]} {[%emt 00:00:23]} 16. Rfe1 {[%clk
01:22:39]} {[%emt 00:00:49]} Rae8 {[%clk 01:17:54]} {[%emt 00:02:32]} 17. Nxd5
{[%clk 01:22:25]} {[%emt 00:00:44]} Qd6 {[%clk 01:15:07]} {[%emt 00:03:15]} 18.
Rxe4 {[%clk 01:21:47]} {[%emt 00:01:10]} Qxd5 {[%clk 01:14:48]} {[%emt
00:00:49]} 19. Rxe8 {[%clk 01:22:04]} {[%emt 00:00:13]} Qxf3 {[%clk 01:13:59]}
{[%emt 00:01:20]} 20. Rxf8+ {[%clk 01:22:26]} {[%emt 00:00:07]} Kxf8 {[%clk
01:14:05]} {[%emt 00:00:24]} 21. gxf3 {[%clk 01:22:54]} {[%emt 00:00:02]} g6
{[%clk 01:13:43]} {[%emt 00:00:52]} 22. Rc8+ {[%clk 01:23:19]} {[%emt
00:00:05]} Kg7 {[%clk 01:13:51]} {[%emt 00:00:23]} 23. Rc7 {[%clk 01:23:42]}
{[%emt 00:00:07]} b6 {[%clk 01:13:55]} {[%emt 00:00:27]} 24. Rxa7 {[%clk
01:24:06]} {[%emt 00:00:06]} Kf6 {[%clk 01:13:57]} {[%emt 00:00:27]} 25. Kf1
{[%clk 01:24:27]} {[%emt 00:00:08]} Ke6 {[%clk 01:13:39]} {[%emt 00:00:48]} 26.
Ke2 {[%clk 01:24:48]} {[%emt 00:00:09]} h5 {[%clk 01:13:23]} {[%emt 00:00:46]}
27. Rb7 {[%clk 01:25:11]} {[%emt 00:00:07]} f6 {[%clk 01:13:16]} {[%emt
00:00:37]} 28. Rxb6+ {[%clk 01:25:33]} {[%emt 00:00:07]} Kf5 {[%clk 01:13:37]}
{[%emt 00:00:09]} 29. a4 {[%clk 01:25:55]} {[%emt 00:00:09]} g5 {[%clk
01:13:36]} {[%emt 00:00:31]} 30. a5 {[%clk 01:26:19]} {[%emt 00:00:06]} g4
{[%clk 01:13:44]} {[%emt 00:00:22]} 31. fxg4+ {[%clk 01:26:43]} {[%emt
00:00:06]} hxg4 {[%clk 01:14:04]} {[%emt 00:00:09]} 32. a6 {[%clk 01:27:10]}
{[%emt 00:00:04]} Kg5 {[%clk 01:14:21]} {[%emt 00:00:13]} 33. a7 {[%clk
01:27:30]} {[%emt 00:00:09]} f5 {[%clk 01:14:44]} {[%emt 00:00:07]} 34. a8=Q
{[%clk 01:27:52]} {[%emt 00:00:08]} Kh5 {[%clk 01:14:49]} {[%emt 00:00:24]} 35.
Qg8 {[%clk 01:27:49]} {[%emt 00:00:33]} Kh4 {[%clk 01:15:00]} {[%emt 00:00:19]}
36. Rh6# {[%clk 01:28:06]} {[%emt 00:00:13]} 1-0